000 00310nam a2200121Ia 4500
008 150201s1998 xx 000 0 und d
082 _a200
_bAVO
100 _aAvalon,A
245 _aTantraraja Tantra
260 _bMotilal Banarsidass Publishers Pvt. Ltd.
_aNew Delhi
_c1998
300 _a740p.
942 _2ddc
_cBK
999 _c5647
_d5647